Group theory in physics : An introduction

Enregistré dans:
Détails bibliographiques
Auteur principal: Cornwell J F
Format: Livre
Langue:Undetermined
Publié: London Academic Press 1984
Sujets:
Tags: Ajouter un tag
Pas de tags, Soyez le premier à ajouter un tag!
Thư viện lưu trữ: Trung tâm Học liệu Trường Đại học Cần Thơ
LEADER 00557nam a2200217Ia 4500
001 CTU_236396
008 210402s9999 xx 000 0 und d
082 |a 530.1 
082 |b C821 
100 |a Cornwell J F 
245 0 |a Group theory in physics : 
245 3 |b An introduction 
245 0 |c J F Cornwell 
260 |a London 
260 |b Academic Press 
260 |c 1984 
526 |a TN674 
650 |a Mathematical physics,Toán lý 
904 |i Nguyên 
910 |a Tuyến 
980 |a Trung tâm Học liệu Trường Đại học Cần Thơ